000 00447nam a22001697a 4500
005 20180726131314.0
008 160429b xxu||||| |||| 00| 0 eng d
020 _a0-86377-667-1
041 _aeng
082 _b00911
_a658.3
100 _aMcKenna , Eugene
_92725
245 _aBusiness Psychology and organisional Behabiour.:a students handbook
260 _bPsychology Press
_c2002
300 _a697p,
650 _aManagement
_9241
942 _cBK
999 _c295
_d295